=LDR 00000nam 2200000 4500 =001 INLIS000000000003722 =005 20130612092026 =008 ***********************************Ind** =035 ##$$0010-061300000003722 =041 ##$$a Ind =082 ##$$a 611.49 =090 ##$$a 611.49, Ebr a =100 ##$$a Ebrahim, GJ =245 ##$$a Air susu ibu, GJ.Ebrahim; alih bahasa, Soeharyono =260 ##$$a 1978 $b Jakarta =300 ##$$a 118 hlm., ilus., 21 cm =650 ##$$a Air susu =700 ##$$a Suharyono =850 ##$$a NBPNMAT